Karcsi kacsa kalandjai /

Uložené v:
Podrobná bibliografia
Hlavný autor: Simkó, Tibor, 1931-1998 (Author)
Ďalší autori: Kopócs, Tibor, 1937- (Illustrator)
Médium: Kniha
Jazyk:Hungarian
Slovak
Vydané: Bratislava : Madách, 1973.
Vydanie:1. kiadás
ISBN: (viaz.)
Fyzický popis: 68 s.
Tagy: Pridať tag
Žiadne tagy, Buďte prvý kto otaguje tento záznam!

MARC

LEADER 00000nam a22000001 4500
001 000427872
005 20130716212923.0
008 011127s1973 xo hun d
020 |a (viaz.)  |c Kčs 10,00 
040 |a SVKKK  |b slo  |c SVKKK  |e AACR2 
041 0 |a slo 
044 |a xo  |c SK 
100 1 |a Simkó, Tibor,  |d 1931-1998  |4 aut 
245 1 0 |a Karcsi kacsa kalandjai /  |c Tibor Simko ; ill.: Kopócs Tibor. 
250 |a 1. kiadás 
260 |a Bratislava :  |b Madách,  |c 1973. 
300 |a 68 s. 
700 1 |a Kopócs, Tibor,  |d 1937-  |4 ill 
910 |a svkkk 
998 |a BK 
090 |g SCKHL  |k Sklad Hlavná 10 suterén  |a I.41674  |j 491220  |i 2720631260  |s Beletria